<?xml version="1.0" encoding="UTF-8"?>
<record
    xmlns:xsi="http://www.w3.org/2001/XMLSchema-instance"
    xsi:schemaLocation="http://www.loc.gov/MARC21/slim http://www.loc.gov/standards/marcxml/schema/MARC21slim.xsd"
    xmlns="http://www.loc.gov/MARC21/slim">

  <leader>01106nam a2200253Ia 4500</leader>
  <controlfield tag="008">120625s2003    mx            000 0 spa d</controlfield>
  <datafield tag="020" ind1=" " ind2=" ">
    <subfield code="a">9681864093</subfield>
  </datafield>
  <datafield tag="050" ind1=" " ind2="4">
    <subfield code="a">QD42 </subfield>
    <subfield code="b">M68 2003</subfield>
  </datafield>
  <datafield tag="100" ind1="1" ind2=" ">
    <subfield code="a">Mosqueira R., Salvador (Mosqueira Rold&#xE1;n)</subfield>
    <subfield code="e"> autor</subfield>
  </datafield>
  <datafield tag="245" ind1="1" ind2="0">
    <subfield code="a">Qu&#xED;mica  </subfield>
    <subfield code="b">: conceptos y problemas</subfield>
    <subfield code="c">/ Salvador Mosqueira R., Salvador Mosqueira P. S.</subfield>
  </datafield>
  <datafield tag="250" ind1=" " ind2=" ">
    <subfield code="a">2a. edici&#xF3;n</subfield>
  </datafield>
  <datafield tag="260" ind1="3" ind2=" ">
    <subfield code="a">M&#xE9;xico </subfield>
    <subfield code="b">: Limusa</subfield>
    <subfield code="c">, 2003</subfield>
  </datafield>
  <datafield tag="300" ind1=" " ind2=" ">
    <subfield code="a">645 p&#xE1;ginas</subfield>
  </datafield>
  <datafield tag="336" ind1=" " ind2=" ">
    <subfield code="a">Texto</subfield>
  </datafield>
  <datafield tag="337" ind1=" " ind2=" ">
    <subfield code="a">Sin medio</subfield>
  </datafield>
  <datafield tag="338" ind1=" " ind2=" ">
    <subfield code="a">Volumen</subfield>
  </datafield>
  <datafield tag="500" ind1=" " ind2=" ">
    <subfield code="a">Incluye ap&#xE9;ndice (pp. 632-645</subfield>
  </datafield>
  <datafield tag="505" ind1="1" ind2=" ">
    <subfield code="a">Material  y energ&#xED;a
Elementos y compuestos
Estructura cu&#xE1;ntica del &#xE1;tomo
Tabla peri&#xF3;dica.Enlaces
Nomenclatura. Estequimetr&#xED;a
Hidr&#xF3;geno, ox&#xED;geno y agua
Gases
Otros estados f&#xED;sicos de la materia. Soluciones
Hal&#xF3;genos y azufre
&#xC1;cidos y bases electroqu&#xED;mica
Carbono, silicio, nitr&#xF3;geno y f&#xF3;sforo
Metales
Qu&#xED;mica org&#xE1;nica</subfield>
  </datafield>
  <datafield tag="519" ind1=" " ind2=" ">
    <subfield code="a">Material complementario /</subfield>
    <subfield code="d">(04 000272)</subfield>
  </datafield>
  <datafield tag="650" ind1="1" ind2="4">
    <subfield code="a">QU&#xCD;MICA </subfield>
  </datafield>
  <datafield tag="650" ind1="1" ind2="4">
    <subfield code="a">QU&#xCD;MICA</subfield>
    <subfield code="x">PROBLEMAS Y EJERCICIOS</subfield>
  </datafield>
  <datafield tag="700" ind1="1" ind2=" ">
    <subfield code="a">Moaqueira P. S., Salvador</subfield>
    <subfield code="e"> coautor</subfield>
  </datafield>
  <datafield tag="942" ind1=" " ind2=" ">
    <subfield code="c">LB</subfield>
  </datafield>
  <datafield tag="952" ind1=" " ind2=" ">
    <subfield code="0">0</subfield>
    <subfield code="1">0</subfield>
    <subfield code="2">lcc</subfield>
    <subfield code="4">0</subfield>
    <subfield code="7">0</subfield>
    <subfield code="a">04</subfield>
    <subfield code="b">04</subfield>
    <subfield code="d">2008-11-12</subfield>
    <subfield code="l">0</subfield>
    <subfield code="o">QD42 M68 2003</subfield>
    <subfield code="p">05 000272</subfield>
    <subfield code="r">2025-09-22</subfield>
    <subfield code="t">1</subfield>
    <subfield code="w">2012-06-24</subfield>
    <subfield code="y">LB</subfield>
  </datafield>
  <datafield tag="952" ind1=" " ind2=" ">
    <subfield code="0">0</subfield>
    <subfield code="1">0</subfield>
    <subfield code="2">lcc</subfield>
    <subfield code="4">0</subfield>
    <subfield code="7">0</subfield>
    <subfield code="a">04</subfield>
    <subfield code="b">04</subfield>
    <subfield code="d">2008-11-12</subfield>
    <subfield code="l">1</subfield>
    <subfield code="o">QD42 M68 2003</subfield>
    <subfield code="p">05 000273</subfield>
    <subfield code="r">2023-02-03</subfield>
    <subfield code="s">2015-12-01</subfield>
    <subfield code="t">2</subfield>
    <subfield code="w">2012-06-24</subfield>
    <subfield code="y">LB</subfield>
  </datafield>
  <datafield tag="952" ind1=" " ind2=" ">
    <subfield code="0">0</subfield>
    <subfield code="1">0</subfield>
    <subfield code="2">lcc</subfield>
    <subfield code="4">0</subfield>
    <subfield code="7">0</subfield>
    <subfield code="a">04</subfield>
    <subfield code="b">04</subfield>
    <subfield code="d">2010-02-23</subfield>
    <subfield code="l">1</subfield>
    <subfield code="m">1</subfield>
    <subfield code="o">QD42 M68 2003</subfield>
    <subfield code="p">05 000849</subfield>
    <subfield code="r">2025-09-05</subfield>
    <subfield code="s">2015-10-01</subfield>
    <subfield code="t">3</subfield>
    <subfield code="w">2012-06-24</subfield>
    <subfield code="y">LB</subfield>
  </datafield>
  <datafield tag="999" ind1=" " ind2=" ">
    <subfield code="c">63146</subfield>
    <subfield code="d">63146</subfield>
  </datafield>
</record>
